Arctic Monkeys Lyrics - If You Were There, Beware - Statistics

General Stats
  • This quiz has been taken 60 times
  • The average score is 167 of 219
Answer Stats
Lyrics % Correct
be
100%
beware
100%
I
100%
If
100%
if
100%
the
100%
there,
100%
there
100%
We
100%
were
100%
you
100%
a
98%
on,
90%
on
90%
and
88%
And
88%
her
88%
it
88%
have
85%
serpent
85%
then
85%
they
85%
to
85%
know
83%
leave
83%
own?
83%
why
83%
Why
83%
Go
80%
go
80%
said
80%
"No,
78%
nobody
78%
of
78%
would
78%
wouldn't
78%
you"s
78%
flinches
75%
known
75%
thank
75%
your
75%
had
73%
is
73%
thieves
73%
thugs
73%
trying
73%
What
73%
what
73%
But
70%
hundred
70%
I'd
70%
she
70%
soul
70%
us
70%
comply
68%
fifty
68%
give
68%
gruesome
68%
something
68%
tears
68%
that
68%
they're
68%
Three-
68%
want
68%
pinchers
65%
require
65%
are
63%
As
63%
help
63%
meant
63%
predicted
63%
up
63%
was
63%
Can't
60%
dig
60%
don't
60%
fill
60%
grief,
60%
inches
60%
never
60%
point
60%
sweetheart
60%
column
58%
dug;
58%
gob
58%
haven't
58%
Isn't
58%
rob
58%
you're
58%
got
55%
hasn't
55%
she'll
55%
take
55%
vicious
55%
enough?
53%
from
53%
grace
53%
remind
53%
girl,
50%
Out
50%
far
48%
them
48%
There's
48%
witches,
48%
won't
48%
words
48%
beat
45%
get
45%
good
45%
reason
45%
ambitiously
43%
circle
43%
innocents
43%
our
43%
attempts
40%
Ain't
28%
sense
28%
swords
20%
No matching quizzes found
Score Distribution
Percent of People with Each Score
Percentile by Number Answered
Your Score History
You have not taken this quiz